La gran amiga (Record no. 94602)

MARC details
000 -LEADER
campo de control de longitud fija 00746nam a2200217 i 4500
001 - NÚMERO DE CONTROL
campo de control 94602
003 - IDENTIFICADOR DE NÚMERO DE CONTROL
campo de control ES-MaACL
005 - FECHA Y HORA DE LA ÚLTIMA TRANSACCIÓN
campo de control 20250929063140.0
007 - CAMPO FIJO DE DESCRIPCIÓN FÍSICA--INFORMACIÓN GENERAL
campo de control de longitud fija t|
008 - DATOS DE LONGITUD FIJA--INFORMACIÓN GENERAL
campo de control de longitud fija 050510s1946 sp ||||1| spa d
100 1# - ENTRADA PRINCIPAL--NOMBRE DE PERSONA
Nombre de persona L'Ermite, Pierre,
Fechas asociadas al nombre 1863-1959
9 (RLIN) 69114
245 13 - MENCIÓN DEL TÍTULO
Título La gran amiga
Resto del título : novela /
Mención de responsabilidad, etc. escrita en frances por Pierre L'Ermite [seud.] ; traducción de Vicente Ortí y Escolano.
260 ## - PUBLICACIÓN, DISTRIBUCIÓN, ETC.
Lugar de publicación, distribución, etc. Madrid :
Nombre del editor, distribuidor, etc. Bolaños y Aguilar,
Fecha de publicación, distribución, etc. 1946.
300 ## - DESCRIPCIÓN FÍSICA
Extensión 274 p. ;
Dimensiones 19 cm.
490 1# - MENCIÓN DE SERIE
Mención de serie Lecturas recreativas
500 ## - NOTA GENERAL
Nota general Pierre L'Ermite es seudónimo de Edmond Loutil.
700 1# - ENTRADA AGREGADA--NOMBRE PERSONAL
Nombre de persona Ortí y Escolano, Vicente.
9 (RLIN) 87533
830 0# - PUNTO DE ACCESO ADICIONAL DE SERIE-TÍTULO UNIFORME
Título uniforme Lecturas recreativas
9 (RLIN) 184328
852 ## - LOCALIZACIÓN
Ubicación ES-MaACL
Número de control de estantería E-2241
Sublocalización o colección R.22892
Holdings
Estatus retirado Estado de pérdida Estado de daño No para préstamo Biblioteca de origen Biblioteca actual Ubicación en estantería Fecha de adquisición Fuente de adquisición Total de préstamos Signatura topográfica completa Código de barras Visto por última vez Precio de reemplazo Tipo de ítem Koha
        Biblioteca del Ateneo de Madrid Biblioteca del Ateneo de Madrid Depósito 2 17/01/2008     E-2241 1098801 23/02/2023 23/02/2023 Libro impreso